000 00592nam a22002177a 4500
003 UA-OsUOA
001 121392
007 ta
008 20170320b un ||||| |||| 00| 0 ukr d
100 _aКрамар О.
090 _a32
_bК78
942 _cSA
040 _aUA-OsUOA
_bukr
_cUA-OsUOA
_dUA-OsUOA
245 _aЕнергетична незалежність vs монополія Ахметова
300 _aС.22-26
955 _a0
041 _aukr
080 _a32
773 0 _w121388
_tУкраїнський тиждень
_dК.
_d2017
_g10
650 7 _a32 Політика
_2UDC
999 _c407606
_d407606